Statistiche per In quale anno? - Quiz n°14

Clicka qui per fare il quiz!

Statistiche generali

  • Questo quiz è stato fatto 3 volte
  • Il punteggio medio è 4 su 8

Statistiche sulle risposte

DomandaRisposta% Corretto
Matrimonio tra Ferdinando II di Aragona e Isabella di Castiglia porta all'unione dei regni d'Aragona e di Castiglia e avvia una politica di unificazione nazionale e religiosa che getterà le basi per la trasformazione della Spagna in stato moderno e potenza europea.1469
100%
Carlo Magno conquista l'Italia e dona territori al Papa.776
100%
Batu, nipote di Gengis Khan, alla testa dei Tataro-mongoli invade la Rus' di Kiev, conquistando la capitale, e dilagando in Polonia e Valacchia.1240
67%
In Argentina si scatena la rivoluzione di maggio che porterà all'indipendenza dalla Spagna nel 1816.1810
67%
Washington: in seguito alle rivelazioni di due giornalisti del Washington Post, viene aperta un'inchiesta sul cosiddetto scandalo Watergate, ovvero lo spionaggio subito dai Democratici nel corso dell'ultima campagna elettorale presidenziale. Nell'inchiesta è coinvolto anche il Presidente degli Stati Uniti, Richard Nixon.1973
67%
Il duca di Milano, Galeazzo Maria Sforza, viene assassinato sul sagrato della chiesa milanese di Santo Stefano.1476
33%
Ruggero II di Sicilia unifica il Regno di Sicilia e il Ducato di Puglia e Calabria1139
0%
9 febbraio: Thomas Edison brevetta il fonografo1891
0%

Distribuzione punteggi

Percentile per numero di risposta

Percentuale di utenti per punteggio

I tuoi punteggi nel tempo

Non hai fatto questo quiz